00570nam a22001697a 4500003000900000008004100009040007100050082001800121100003400139245002600173260004900199300004200248505003700290650002300327650002700350650002300377AR-CdUCM190312b ||||| |||| 00| 0 spa d aMUNICIPALIDAD PROVINCIAL DEL CUSCOcBIBLIOTECA MUNICIPAL DEL CUSCO a869.56 /bD88 aDomínguez Condezo, Víctor aKantares del aravek / aHuánuco : bEdiciones Insurgencia, c1977. c16 cm.a24 páginas,bIlustraciones, aContenido : Kantares del aravek. aPoesías peruanas aPoesías del siglo xx aLiteratura peruana